Vietnam and the World Bank : The infrastructure partnership = Việt Nam và Ngân hàng Thế giới : Quan hệ hợp tác trong xây dựng cơ sở hạ tầng

Wedi'i Gadw mewn:
Manylion Llyfryddiaeth
Awdur Corfforaethol: The World Bank in Vietnam (WB)
Fformat: Llyfr
Iaith:Undetermined
Cyhoeddwyd: Ha Noi World Bank in Vietnam 2011
Pynciau:
Tagiau: Ychwanegu Tag
Dim Tagiau, Byddwch y cyntaf i dagio'r cofnod hwn!
Thư viện lưu trữ: Trung tâm Học liệu Trường Đại học Cần Thơ
LEADER 00722nam a2200193Ia 4500
001 CTU_172872
008 210402s9999 xx 000 0 und d
082 |a 333.16 
082 |b W927 
110 |a The World Bank in Vietnam (WB) 
245 0 |a Vietnam and the World Bank : 
245 4 |b The infrastructure partnership = Việt Nam và Ngân hàng Thế giới : Quan hệ hợp tác trong xây dựng cơ sở hạ tầng 
245 0 |c World Bank in Vietnam 
260 |a Ha Noi 
260 |b World Bank in Vietnam 
260 |c 2011 
650 |a Urban development,Phát triển đô thị 
904 |i Hải Ý, Trọng Hiếu 
980 |a Trung tâm Học liệu Trường Đại học Cần Thơ